أساسيات في قواعد اللغة العربية / (رقم التسجيلة. 5825)

تفاصيل مارك
000 -الفاتح
عناصر البيانات ثابتة الطول 00683cam a2200181 i 4500
005 - تاريخ ووقت آخر معاملة
حقل ضبط 20260224102617.0
008 - عناصر البيانات ثابتة الطول
عناصر البيانات ثابتة الطول 250721s2001 jo gr 000 0 ara d
082 14 - رقم تصنيف ديوي العشري
رقم التصنيف 415
رقم المادة ب و ا
100 1# - مدخل رئيسي – اسم شخصي
الاسم الشخصي بواعنة، غازي عبد الله
علاقة الشخص بالعمل/ دوره مؤلف.
245 10 - بيان العنوان
العنوان أساسيات في قواعد اللغة العربية /
بيان المسؤولية غازي عبدالله بواعنة.
250 ## - بيان الطبعة
بيان الطبعة الطبعة الثانية، مزيدة و منقحة.
264 31 - بيانات النشر، التوزيع…إلخ
مكان النشر، التوزيع...إلخ اربد :
اسم الناشر، الموزع...إلخ المؤلف غازي عبدالله بواعنة،
تاريخ النشر، التوزيع...إلخ 2001.
300 ## - الوصف المادي
عدد الوحدات المكونة للوعاء 418 صفحة.
650 17 - مدخل إضافي بالموضوع - مصطلح موضوعي
مصطلح موضوعي أو اسم جغرافي كعنصر مدخل اللغة العربية.
650 17 - مدخل إضافي بالموضوع - مصطلح موضوعي
مصطلح موضوعي أو اسم جغرافي كعنصر مدخل قواعد اللغة.
942 ## - بيانات إضافية (كوها)
نوع التنصيف Dewey Decimal Classification
نوع المادة (كوها) كتب
المقتنيات
حالة السحب حالة الفقدان مصدر التصنيف حالة التلف غير قابل للإعارة المكتبة الرئيسية المكتبة الحالية موقع الرف تاريخ التزويد الرقم المتسلسل Total Checkouts رقم الإستدعاء الباركود تاريخ آخر ظهور تاريخ الفاتورة نوع المادة (كوها)
    Dewey Decimal Classification     المكتبة المركزية المكتبة المركزية الإعارة 06/07/2004 425076   415 / ب و ا 425076 28/07/2025 06/07/2004 كتب
    Dewey Decimal Classification     المكتبة المركزية المكتبة المركزية   28/07/2025 1759217   415/بوا   28/07/2025 28/07/2025 كتب
    Dewey Decimal Classification     مكتبة الأميرة ايمان العامة مكتبة الأميرة ايمان العامة الإعارة 14/01/2014 1566095   415/بوا PLD00291996 28/07/2025 14/01/2014 كتب
    Dewey Decimal Classification Unchecked   مكتبة حمزة العامة مكتبة حمزة العامة الإعارة 06/07/2004 425096   415/بوا   28/07/2025 06/07/2004 كتب
    Dewey Decimal Classification     مكتبة صويلح العامة مكتبة صويلح العامة الإعارة 06/07/2004 425091   415/بوا 425091 28/07/2025 06/07/2004 كتب
Implemented & Customized by: BBB with SCIT (Smart Chains for Information Technology)

Powered by Koha